| 000 | 00640nam a2200217Ia 4500 | ||
|---|---|---|---|
| 003 | OSt | ||
| 005 | 20220127155517.0 | ||
| 008 | 210716s2005 xx 000 0 und d | ||
| 020 | _a8178814137 | ||
| 040 | _cAIMIT LIBRARY | ||
| 041 | _aeng | ||
| 082 |
_a332.17 _21 _bDUTB |
||
| 100 |
_aDutta, Bobby. _914930 |
||
| 245 |
_aIndian financial markets: _bregulatory framework / _cEdited by Bobby Dutta. |
||
| 250 | _a1st ed. | ||
| 260 |
_aHyderabad: _bICFAI University Press, _c2005. |
||
| 300 |
_ax,185,A-15p. _c22cm. |
||
| 650 |
_aRegulatory Transition _914931 |
||
| 650 |
_aUnfinished Agenda _914932 |
||
| 942 |
_2ddc _cBK _e1st _k332.17 DUTB |
||
| 999 |
_c202363 _d202363 |
||